00587nam a2200205 a 4500001001300000003000900013005001700022008004100039020002300080082001300103100002000116245004700136260004400183300000900227500003500236505004000271650002500311650002500336700002000361nice12345678IN_TiNIC20260116013746.0050524s1997 lona grp 000 0 eng  a0191590 c55000a306bMON aMongia, Padmini aContemporary Postcolonial Theory; a Reader aLondan bOxford University Press c1997 a407p aincludes index and biblioraphy2 aNotes, Selected Bibliography, Index aPost Colonial Theory aCulture-Postcolonial1 aMongia, Padmini